Records for the control of growing manufacturing enterprises
Uloženo v:
| Hlavní autor: | |
|---|---|
| Médium: | Kniha |
| Jazyk: | angličtina |
| Vydáno: |
Cambridge
Harvard University
1947
|
| Témata: | |
| Tagy: |
Přidat tag
Žádné tagy, Buďte první, kdo vytvoří štítek k tomuto záznamu!
|
MARC
| LEADER | 00000nam a2200000 a 4500 | ||
|---|---|---|---|
| 001 | UCR9780 | ||
| 003 | CL-VaPUC | ||
| 008 | 980619e19470000us |||||||||||||||||eng|d | ||
| 082 | 0 | 4 | |a 658.2 |b LAW |2 21 |
| 100 | 0 | |a Lawler, Paul F |e author |9 412667 | |
| 245 | 1 | 0 | |a Records for the control of growing manufacturing enterprises |
| 300 | |a 131 p | ||
| 942 | |c BK | ||
| 945 | |d 19980619 00:00:00 |a cmena | ||
| 260 | |a Cambridge |b Harvard University |c 1947 | ||
| 650 | 0 | |a Administración de empresas |9 260833 | |
| 650 | 0 | |a Edificios |9 260501 | |
| 650 | 7 | |a MEDIO AMBIENTE LABORAL |2 CL-VaPUC |9 380233 | |
| 650 | 7 | |a SEGURIDAD INDUSTRIAL |2 CL-VaPUC |9 254906 | |
| 650 | 0 | |a Recursos humanos |9 228420 | |
| 650 | 7 | |a CONTROL DE PRODUCCION |2 CL-VaPUC |9 271421 | |
| 650 | 0 | |a Productividad |9 335972 | |
| 650 | 0 | |a Contabilidad de costos |9 260564 | |
| 650 | 0 | |a Administración financiera |9 261146 | |
| 583 | |a last modification |c 20171017 11:28:46 |k Rodrigo Vera | ||
| 999 | |c 270956 |d 270954 | ||
| 952 | |0 0 |1 0 |4 0 |6 658_200000000000000_LAW_1947 |7 0 |8 P |9 305422 |a BIBGIM |b BIBGIM |d 2019-11-20 |i 1420429 |o 658.2 LAW 1947 |p 1420429 |r 2025-01-15 |w 2019-11-20 |y BK |k COM | ||